Normal view
MARC view
Entry Personal Name
001 - CONTROL NUMBER
- control field: 20988
003 - CONTROL NUMBER IDENTIFIER
- control field: ARRUPE
005 - DATE AND TIME OF LATEST TRANSACTION
- control field: 20151105120104.0
008 - FIXED-LENGTH DATA ELEMENTS
- fixed length control field: 151105|| aca||aabn | a|a d
040 ## - CATALOGING SOURCE
- Original cataloging agency: ARRUPE
- Transcribing agency: ARRUPE
100 ## - HEADING--PERSONAL NAME
- Personal name: Queneau Raymond
670 ## - SOURCE DATA FOUND
- Source citation: Work cat.: (ARRUPE): Queneau Raymond, Zazie dans le metro, 1959